El Rol de los medios de comunicación en la democracia /
Збережено в:
| Автор: | |
|---|---|
| Формат: | Текст |
| Предмети: | |
| Теги: |
Додати тег
Немає тегів, Будьте першим, хто поставить тег для цього запису!
|
MARC
| LEADER | 00000 a a2200000 04500 | ||
|---|---|---|---|
| 001 | 3847 | ||
| 003 | |||
| 040 | |||
| 100 | |a Alak, Julio | ||
| 245 | |a El Rol de los medios de comunicación en la democracia / |c Julio Alak | ||
| 650 | |a MEDIOS DE COMUNICACION | ||
| 650 | |a DEMOCRACIA | ||
| 650 | |a INFLUENCIA SOCIAL | ||
| 773 | |g volumen 19, 2(74); páginas 55-60 | ||
| 999 | |c 36102 |d 36102 | ||
